Statistics for U.S. University Logos Quiz

Click here to take the quiz!

General Stats

  • This quiz has been taken 1,105 times
  • The average score is 8 of 25

Answer Stats

Team% Correct
Harvard
93%
Vanderbilt
64%
Stanford
63%
Princeton
62%
Penn
53%
Columbia
48%
Yale
48%
Cornell
45%
Brown
44%
Dartmouth
40%
University of Chicago
34%
Virginia
30%
Rice
24%
Northwestern
20%
Cal Tech
19%
Georgetown
19%
Duke
18%
UCLA
17%
John Hopkins
16%
Emory
14%
Washington (St. Louis)
14%
Notre Dame
13%
USC
12%
MIT
11%
Berkeley
4%

Score Distribution

Percentile by Number Answered

Percent of People with Each Score

Your Score History

You have not taken this quiz